Reactive oxygen species and induction of lignin peroxidase in phanerochaete chrysosporium /

שמור ב:
מידע ביבליוגרפי
מחברים אחרים: Belinky, Paula A., Dosoretz, Carlos G., Flikshtein, Nufar., Gepstein, Shimon., Lechenko, Sergey.
פורמט: Bài viết
שפה:English
נושאים:
תגים: הוספת תג
אין תגיות, היה/י הראשונ/ה לתייג את הרשומה!
Thư viện lưu trữ: Thư viện Trường Đại học Đà Lạt
LEADER 01055nam a2200349 4500
001 DLU090092904
005 ##20091201
040 # # |a DLU  |b eng 
041 # # |a eng 
044 # # |a us 
245 # # |a Reactive oxygen species and induction of lignin peroxidase in phanerochaete chrysosporium /  |c Paula A. Belinky ... [et al.]. 
653 # # |a Diarylpropane peroxidase 
653 # # |a Enzyme 
653 # # |a Fungi 
653 # # |a Oxygen 
653 # # |a Phanerochaete chrysosporium 
653 # # |a Thallophyta 
700 # # |a Belinky, Paula A. 
700 # # |a Dosoretz, Carlos G. 
700 # # |a Flikshtein, Nufar. 
700 # # |a Gepstein, Shimon. 
700 # # |a Lechenko, Sergey. 
773 # # |t Applied and Environmental Microbiology  |g Vol. 69, no. 11 (November 2003), p. 6500-6506 
920 # # |a Phòng Tạp chí -- Trung tâm Thông tin - Thư viện Trường Đại học Đà Lạt 
994 # # |a DLU 
900 # # |a True 
911 # # |a Trương Bảo Trâm Anh 
925 # # |a G 
926 # # |a A 
927 # # |a BB 
980 # # |a Thư viện Trường Đại học Đà Lạt